[Event "XXIII Festival A"]
[Site "Porto San Giorgio ITA"]
[Date "2011.08.23"]
[Round "4"]
[White "Di Martino, Antonio"]
[Black "Mircoli, Filippo"]
[Result "0-1"]
[WhiteElo "1841"]
[BlackElo "1759"]
[PlyCount "86"]
[EventDate "2011.08.21"]

1. e4 c5 2. Nf3 e6 3. d4 cxd4 4. Nxd4 a6 5. a3 Nc6 6. Be3 Nf6 7. Nc3 d5 8. exd5
Nxd5 9. Nxd5 Qxd5 10. Nb3 Qxd1+ 11. Rxd1 Be7 12. Bd3 O-O 13. Ke2 e5 14. Rd2
Bg4+ 15. f3 Be6 16. Nc5 Nd4+ 17. Bxd4 exd4 18. Nxe6 fxe6 19. Be4 Bf6 20. Bxb7
Rab8 21. Bxa6 Rxb2 22. a4 Rd8 23. Kd3 Bg5 24. Re2 Be3 25. Bc4 Kf7 26. Ra1 Rc8
27. Bb3 Rc3+ 28. Ke4 Rcxb3 29. a5 Rb8 30. a6 Ra8 31. Kd3 e5 32. c4 Rxe2 33.
Kxe2 Ke7 34. c5 Kd7 35. Kd3 Kc6 36. Kc4 g5 37. Ra5 Bd2 38. Ra2 Bc3 39. Ra3 h5
40. h3 Bd2 41. Ra2 Bf4 42. Ra5 Ra7 43. Ra3 Rh7 0-1

[Event "XXIII Festival A"]
[Site "Porto San Giorgio ITA"]
[Date "2011.08.23"]
[Round "4"]
[White "Di Muccio, Lindoro"]
[Black "Martorelli, Angelo"]
[Result "1/2-1/2"]
[WhiteElo "1964"]
[BlackElo "1812"]
[PlyCount "105"]
[EventDate "2011.08.21"]

1. d4 d5 2. c4 c6 3. Nc3 e5 4. cxd5 cxd5 5. e3 exd4 6. Qxd4 Nf6 7. Nf3 Nc6 8.
Bb5 a6 9. Bxc6+ bxc6 10. O-O Bd6 11. g3 Bg4 12. Nd2 Qd7 13. b4 O-O 14. e4 Rfe8
15. f4 Bb8 16. Kg2 Ba7 17. Qd3 Qb7 18. e5 d4 19. Nce4 Nxe4 20. Nxe4 Bf5 21.
Nf6+ gxf6 22. Qxf5 c5+ 23. Kg1 c4 24. h4 d3+ 25. Kh2 Qxb4 26. exf6 Kh8 27. Qg4
Rg8 28. Qd1 Bd4 29. Bd2 c3 30. Rb1 Qc4 31. Rb3 cxd2 32. Qxd2 Qc2 33. Rxd3 Qxd2+
34. Rxd2 Bxf6 35. Rd6 Bc3 36. Rc1 Bb4 37. Rd7 Kg7 38. Rcc7 Rgf8 39. Kh3 Rac8
40. Rb7 a5 41. Rd5 h6 42. h5 Rc2 43. a3 Bxa3 44. Rxa5 Bc1 45. Rf5 Rc3 46. Kg2
Rc2+ 47. Kf3 Rc3+ 48. Kg2 Ra3 49. g4 Bd2 50. g5 hxg5 51. fxg5 Ra5 52. Rxa5 Bxa5
53. g6 1/2-1/2

[Event "XXIII Festival A"]
[Site "Porto San Giorgio ITA"]
[Date "2011.08.23"]
[Round "4"]
[White "Di Pietro, Gabriele"]
[Black "Peron, Davide"]
[Result "1/2-1/2"]
[WhiteElo "1840"]
[BlackElo "1850"]
[PlyCount "68"]
[EventDate "2011.08.21"]

1. e4 c5 2. c3 e6 3. d4 cxd4 4. cxd4 d5 5. e5 Nc6 6. Nf3 g6 7. Be2 Bg7 8. O-O
Nge7 9. Nbd2 O-O 10. Nb3 a5 11. a4 b6 12. Bg5 f6 13. exf6 Bxf6 14. Bxf6 Rxf6
15. Bb5 Qd6 16. Re1 Bd7 17. Ne5 Raf8 18. f3 Nb8 19. Qd3 Nec6 20. Nxd7 Nxd7 21.
Rac1 Ndb8 22. Bxc6 Nxc6 23. Qb5 Rc8 24. Rc3 Rff8 25. Rec1 Na7 26. Qa6 Rxc3 27.
Rxc3 Rf7 28. Nxa5 Rc7 29. Nb3 Rxc3 30. bxc3 Qc7 31. Qd3 Nc6 32. Qe3 Kf7 33. Qh6
Kg8 34. Qe3 Kf7 1/2-1/2

[Event "XXIII Festival A"]
[Site "Porto San Giorgio ITA"]
[Date "2011.08.23"]
[Round "4"]
[White "Esposito, Luca"]
[Black "Antonelli, Alessandro"]
[Result "1-0"]
[WhiteElo "2235"]
[BlackElo "1971"]
[PlyCount "117"]
[EventDate "2011.08.21"]

1. d4 Nf6 2. c4 g6 3. g3 Bg7 4. Bg2 d5 5. cxd5 Nxd5 6. Nf3 O-O 7. O-O Nb6 8.
Nc3 Nc6 9. e3 Bd7 10. d5 Ne5 11. Nxe5 Bxe5 12. e4 c6 13. Bh6 Bg7 14. Bxg7 Kxg7
15. Qd4+ Kg8 16. Rfd1 Qc7 17. Rac1 Rac8 18. a4 c5 19. Qe3 Nxa4 20. d6 exd6 21.
Nd5 Qd8 22. e5 dxe5 23. Qxe5 f6 24. Nxf6+ Qxf6 25. Qxf6 Rxf6 26. Rxd7 Nb6 27.
Rxb7 Rf7 28. Ra1 Rxb7 29. Bxb7 Rc7 30. Be4 Rd7 31. Ra5 Rc7 32. b3 Kg7 33. Bd3
Nd5 34. f4 Nb6 35. Kf2 Kf6 36. Ke3 Kg7 37. g4 Re7+ 38. Kf3 Rd7 39. Be2 Rc7 40.
h4 Kf6 41. Ra1 Rd7 42. Rc1 Rc7 43. g5+ Kg7 44. Bb5 Kf7 45. Kg4 Ke6 46. Re1+ Kf7
47. h5 Re7 48. Rc1 Rc7 49. h6 Kf8 50. Re1 Re7 51. Rd1 Kf7 52. Rd8 Ke6 53. Rf8
Kd6 54. f5 Re4+ 55. Kf3 gxf5 56. g6 hxg6 57. h7 Rh4 58. h8=Q Rxh8 59. Rxh8 1-0

[Event "XXIII Festival A"]
[Site "Porto San Giorgio ITA"]
[Date "2011.08.23"]
[Round "4"]
[White "Faccia, Sergio"]
[Black "Dieli, Riccardo"]
[Result "1-0"]
[WhiteElo "2078"]
[BlackElo "1897"]
[PlyCount "29"]
[EventDate "2011.08.21"]

1. e4 c5 2. b4 b6 3. bxc5 bxc5 4. Nf3 Ba6 5. Bxa6 Nxa6 6. O-O e6 7. c3 g6 8. d4
Bg7 9. d5 Nf6 10. Qd3 Qb6 11. Na3 O-O 12. Nc4 Qb5 13. Bf4 exd5 14. exd5 Rfd8
15. a4 1-0

[Event "XXIII Festival A"]
[Site "Porto San Giorgio ITA"]
[Date "2011.08.23"]
[Round "4"]
[White "Fierro Baquero, Martha Lorena"]
[Black "Banusz, Tamas"]
[Result "0-1"]
[WhiteElo "2381"]
[BlackElo "2554"]
[PlyCount "86"]
[EventDate "2011.08.21"]

1. c4 Nf6 2. g3 e6 3. Nf3 d5 4. b3 Be7 5. Bg2 O-O 6. O-O c5 7. Bb2 d4 8. e3 Nc6
9. exd4 cxd4 10. d3 e5 11. Re1 Nd7 12. Na3 Re8 13. Nc2 a5 14. Qe2 Qc7 15. Nd2
Nc5 16. Ne4 Ne6 17. Na3 Bb4 18. Nd2 Nc5 19. Red1 Bxd2 20. Rxd2 Bf5 21. Nb5 Qd7
22. Ba3 Nb4 23. Bxb4 axb4 24. Qf1 Ra6 25. Re1 Rae6 26. Bd5 R6e7 27. f3 Kh8 28.
g4 Bg6 29. Qe2 f6 30. Be4 Ne6 31. Bxg6 hxg6 32. Qf1 Nf4 33. Kh1 Qc6 34. Qf2 Kg8
35. Re4 Nh3 36. Qe2 f5 37. gxf5 gxf5 38. Rh4 Nf4 39. Qf2 g5 40. Qg3 Rg7 41.
Rxf4 gxf4 42. Qh3 Qg6 43. Rd1 Ra8 0-1

[Event "XXIII Festival A"]
[Site "Porto San Giorgio ITA"]
[Date "2011.08.23"]
[Round "4"]
[White "Ghidinelli, Giorgio"]
[Black "Calabrese, Maurizio"]
[Result "1-0"]
[WhiteElo "1913"]
[BlackElo "1567"]
[PlyCount "109"]
[EventDate "2011.08.21"]

1. d4 Nf6 2. Nf3 g6 3. Nbd2 Bg7 4. e4 d5 5. e5 Ng4 6. h3 Nh6 7. Bd3 f5 8. exf6
Bxf6 9. O-O c6 10. c3 Bf5 11. Nb3 Bg7 12. Nc5 Bc8 13. Ng5 Qd6 14. b4 O-O 15. f4
b6 16. Nb3 Ba6 17. Qe2 Bxd3 18. Qxd3 Nd7 19. Re1 Rf6 20. Bd2 Nf7 21. Qe2 e6 22.
Nxf7 Kxf7 23. Nc1 Kg8 24. Nd3 b5 25. Ne5 Nb6 26. Ng4 Nc4 27. Nxf6+ Bxf6 28. a4
Bh4 29. Rf1 a6 30. axb5 cxb5 31. Rf3 Rf8 32. g3 Bd8 33. Kg2 Bc7 34. Re1 Rf6 35.
h4 Qd7 36. Bc1 Nd6 37. Qa2 Qc8 38. Qc2 Ne4 39. Rxe4 dxe4 40. Qxe4 Rf5 41. Re3
Kf7 42. Qc6 Rd5 43. Re5 Rd6 44. Qf3 Bb6 45. Bd2 Rc6 46. d5 Rd6 47. dxe6+ Ke7
48. Be1 Bc7 49. Qe4 Rd1 50. Rc5 Qb8 51. h5 Ra1 52. hxg6 Ra2+ 53. Kf3 hxg6 54.
Qxg6 Kd6 55. Qd3+ 1-0

[Event "XXIII Festival A"]
[Site "Porto San Giorgio ITA"]
[Date "2011.08.23"]
[Round "4"]
[White "Giampieri, Stefano"]
[Black "Pienabarca, Nicola"]
[Result "0-1"]
[WhiteElo "1847"]
[BlackElo "2110"]
[PlyCount "65"]
[EventDate "2011.08.21"]

1. d4 Nf6 2. c4 g6 3. Nc3 d5 4. Nf3 Bg7 5. e3 O-O 6. Bd3 c5 7. h3 cxd4 8. exd4
Nc6 9. Be3 Nb4 10. Be2 Bf5 11. Rc1 dxc4 12. Bxc4 Rc8 13. Be2 Nfd5 14. Qd2 Nxe3
15. fxe3 e5 16. O-O e4 17. Nxe4 Rxc1 18. Rxc1 Nxa2 19. Ra1 Bxe4 20. Rxa2 Qb6
21. Qa5 Bh6 22. Qc3 Qe6 23. Bc4 Qf6 24. Ne5 Qg5 25. Ng4 Bg7 26. Qd2 h5 27. Nh2
a6 28. Ra5 Qg3 29. Qf2 Qxf2+ 30. Kxf2 Rc8 31. Bd5 Rc2+ 32. Kf1 Bd3+ 33. Ke1 0-1

[Event "XXIII Festival A"]
[Site "Porto San Giorgio ITA"]
[Date "2011.08.23"]
[Round "4"]
[White "Guglielmi, Dante"]
[Black "Ruggeri, Pietro"]
[Result "1/2-1/2"]
[WhiteElo "1878"]
[BlackElo "2070"]
[PlyCount "29"]
[EventDate "2011.08.21"]

1. c4 e5 2. Nc3 Nc6 3. g3 Bb4 4. Bg2 Bxc3 5. bxc3 d6 6. Qc2 Nge7 7. Nf3 O-O 8.
O-O Bd7 9. d3 Rb8 10. Rb1 b6 11. e4 Qc8 12. Re1 Ng6 13. Be3 Nce7 14. Bg5 f6 15.
Be3 1/2-1/2

[Event "XXIII Festival A"]
[Site "Porto San Giorgio ITA"]
[Date "2011.08.23"]
[Round "4"]
[White "Iaconi, Andrea"]
[Black "Di Misa, Salvatore"]
[Result "0-1"]
[WhiteElo "1832"]
[BlackElo "1957"]
[PlyCount "116"]
[EventDate "2011.08.21"]

1. e4 c5 2. Nf3 Nc6 3. d4 cxd4 4. Nxd4 Nf6 5. Nc3 e5 6. Ndb5 d6 7. Bg5 a6 8.
Na3 b5 9. Nd5 Be7 10. Nxe7 Nxe7 11. Bd3 O-O 12. O-O Ng6 13. c3 Bb7 14. Qf3 d5
15. Bxf6 Qxf6 16. Qxf6 gxf6 17. exd5 Bxd5 18. Rfe1 Rad8 19. g3 Be6 20. Bc2 Rd2
21. Rad1 Rfd8 22. Rxd2 Rxd2 23. Rd1 Rxd1+ 24. Bxd1 Bd5 25. h3 Bc6 26. Nc2 Ne7
27. Ne3 f5 28. Bc2 e4 29. Kf1 Kg7 30. c4 Kf6 31. Ke1 b4 32. Kd2 Bd7 33. Ng2 Nc6
34. Ke3 Ke5 35. Nf4 Be6 36. Ne2 a5 37. f4+ exf3 38. Kxf3 a4 39. Ke3 a3 40. Bd3
f6 41. Bc2 Bf7 42. Nf4 Bg6 43. h4 Kd6 44. h5 Bf7 45. Bxf5 h6 46. Kd3 Ke5 47.
Bh7 f5 48. Bg6 Bg8 49. Be8 Na5 50. Ba4 Bf7 51. Ng6+ Kd6 52. Nf4 Nb7 53. Nd5
Bxd5 54. cxd5 Kxd5 55. Be8 Nc5+ 56. Ke3 Ke5 57. Bf7 Ne4 58. Kd3 Nc3 0-1

[Event "XXIII Festival A"]
[Site "Porto San Giorgio ITA"]
[Date "2011.08.23"]
[Round "4"]
[White "Liguori, Renato"]
[Black "Carnicelli, Valerio"]
[Result "0-1"]
[WhiteElo "2100"]
[BlackElo "1898"]
[PlyCount "84"]
[EventDate "2011.08.21"]

1. d4 d5 2. c4 c6 3. Nf3 Nf6 4. Nc3 e6 5. Bg5 dxc4 6. e4 b5 7. e5 h6 8. Bd2 Nd5
9. Be2 a6 10. g4 c5 11. g5 cxd4 12. Nxd4 hxg5 13. Bf3 Bb7 14. Rg1 Rxh2 15. Bxg5
Qc7 16. Qe2 Bc5 17. O-O-O Nc6 18. Bxd5 Nxd4 19. Rxd4 Bxd4 20. Qe4 Bxd5 21. Qxd4
Qa7 22. Qxa7 Rxa7 23. Be3 Rd7 24. Rxg7 Kf8 25. Rg4 Rg2 26. Bc5+ Ke8 27. Nxd5
Rxd5 28. Rxg2 Rxc5 29. Rg8+ Kd7 30. f4 Rc8 31. Rg1 Ke7 32. Rg2 Rd8 33. Kc2 b4
34. Rg3 Rh8 35. Rg2 Rh3 36. Rf2 a5 37. Re2 c3 38. a3 cxb2 39. axb4 Rb3 40. Kb1
Rxb4 41. Rxb2 Rxb2+ 42. Kxb2 Kd7 0-1

[Event "XXIII Festival A"]
[Site "Porto San Giorgio ITA"]
[Date "2011.08.23"]
[Round "4"]
[White "Luzi, Alessandro"]
[Black "Papa, Angelo"]
[Result "1/2-1/2"]
[WhiteElo "1920"]
[BlackElo "1848"]
[PlyCount "42"]
[EventDate "2011.08.21"]

1. e4 g6 2. d4 Bg7 3. Nc3 c6 4. Be3 Qb6 5. Rb1 d6 6. Be2 Qc7 7. f4 e5 8. Nf3
Bg4 9. O-O Nd7 10. Qd2 Ngf6 11. fxe5 dxe5 12. Nxe5 Bxe2 13. Qxe2 Nxe5 14. dxe5
Qxe5 15. Bf4 Qe6 16. Rbd1 O-O 17. Qf3 Nh5 18. Bd6 Rfd8 19. e5 f5 20. exf6 Nxf6
21. Rfe1 Qg4 1/2-1/2

[Event "XXIII Festival A"]
[Site "Porto San Giorgio ITA"]
[Date "2011.08.23"]
[Round "4"]
[White "Maddaloni, Giovanni"]
[Black "D'Aquino, Ugo"]
[Result "0-1"]
[WhiteElo "1801"]
[BlackElo "1925"]
[PlyCount "35"]
[EventDate "2011.08.21"]

1. e4 c5 2. Nf3 Nc6 3. Bb5 g6 4. O-O Bg7 5. c3 e6 6. Bxc6 bxc6 7. d4 cxd4 8.
cxd4 Ne7 9. Nc3 O-O 10. Re1 d5 11. e5 Rb8 12. b3 c5 13. Ba3 cxd4 14. Qxd4 Rb7
15. Rac1 Bd7 16. Na4 Bxa4 17. Qxa4 Qb6 18. h3 0-1

[Event "XXIII Festival A"]
[Site "Porto San Giorgio ITA"]
[Date "2011.08.23"]
[Round "4"]
[White "Maksimovic, Miodrag"]
[Black "Lapenna, Michelangelo"]
[Result "1-0"]
[WhiteElo "2068"]
[BlackElo "1888"]
[PlyCount "79"]
[EventDate "2011.08.21"]

1. e4 c5 2. Nf3 d6 3. d4 cxd4 4. Nxd4 Nf6 5. Nc3 a6 6. Be2 e6 7. O-O Qc7 8. Be3
b5 9. Bf3 Bb7 10. a3 Be7 11. g3 O-O 12. Bg2 Nbd7 13. Nb3 Rac8 14. Rc1 Rfd8 15.
Qe2 Ne5 16. Nd2 d5 17. exd5 Nxd5 18. Nxd5 Bxd5 19. Bxd5 Rxd5 20. Bf4 Bd6 21.
Ne4 Be7 22. Rfe1 Qc4 23. Nc3 Qxe2 24. Rxe2 Rxc3 25. bxc3 Bxa3 26. Ra1 Nc4 27.
Re4 g5 28. Be3 Nxe3 29. Rxe3 Bc5 30. Rd3 Re5 31. Rd2 b4 32. cxb4 Bxb4 33. Rd8+
Kg7 34. Rxa6 Re1+ 35. Kg2 Re2 36. Rc6 Be7 37. Rd7 Bf6 38. Rcc7 Bd4 39. Rxf7+
Kg8 40. Rfd7 1-0

[Event "XXIII Festival A"]
[Site "Porto San Giorgio ITA"]
[Date "2011.08.23"]
[Round "4"]
[White "Malloni, Marcello"]
[Black "Arnetta, Maria Teresa"]
[Result "1-0"]
[WhiteElo "2293"]
[BlackElo "2069"]
[PlyCount "35"]
[EventDate "2011.08.21"]

1. d4 e6 2. e4 d5 3. Nd2 h6 4. Ngf3 c5 5. exd5 exd5 6. Bb5+ Nc6 7. O-O Nf6 8.
Re1+ Be6 9. Ne5 Qc8 10. Nb3 a6 11. Bxc6+ bxc6 12. dxc5 Ne4 13. Be3 Be7 14. f3
Nf6 15. Na5 Nd7 16. Nexc6 Bf6 17. Bd4 O-O 18. Bxf6 1-0

[Event "XXIII Festival A"]
[Site "Porto San Giorgio ITA"]
[Date "2011.08.23"]
[Round "4"]
[White "Maltempi, Angelo"]
[Black "Bolog, Iacint"]
[Result "1-0"]
[WhiteElo "1847"]
[BlackElo "1959"]
[PlyCount "94"]
[EventDate "2011.08.21"]

1. c4 c5 2. g3 Nc6 3. Bg2 e6 4. Nc3 Nf6 5. e4 Be7 6. Nge2 d6 7. d3 e5 8. O-O
Be6 9. a3 h5 10. f4 exf4 11. Bxf4 h4 12. Nd5 hxg3 13. Nxg3 g6 14. b4 Qd7 15.
bxc5 Bh3 16. Ra2 Nxd5 17. exd5 Nd4 18. cxd6 Bxd6 19. Bxd6 Qxd6 20. Bxh3 Rxh3
21. Qg4 Rxg3+ 22. hxg3 Nf5 23. Re2+ Kd7 24. Rxf5 gxf5 25. Qxf5+ Kd8 26. Qg5+
Kc7 27. Qe7+ Qxe7 28. Rxe7+ Kb6 29. Rxf7 Ka5 30. Rxb7 Ka4 31. c5 a5 32. Rc7
Kxa3 33. d6 Rd8 34. Rb7 a4 35. d7 Ka2 36. c6 a3 37. Ra7 Kb2 38. Rxa3 Kxa3 39.
c7 Rxd7 40. c8=Q Rd4 41. Qf5 Kb3 42. g4 Kc3 43. g5 Ra4 44. g6 Ra1+ 45. Kf2 Ra2+
46. Ke3 Rg2 47. Qe5+ Kb4 1-0

[Event "XXIII Festival A"]
[Site "Porto San Giorgio ITA"]
[Date "2011.08.23"]
[Round "4"]
[White "Mandolini, Riccardo"]
[Black "Suvrajit, Saha"]
[Result "1/2-1/2"]
[WhiteElo "2119"]
[BlackElo "2362"]
[PlyCount "57"]
[EventDate "2011.08.21"]

1. Nc3 c5 2. Nf3 Nc6 3. h3 a6 4. e4 e6 5. d4 cxd4 6. Nxd4 Bb4 7. Nxc6 Bxc3+ 8.
bxc3 dxc6 9. Qd4 Nf6 10. e5 Nd7 11. Ba3 c5 12. Bxc5 Nxc5 13. Qxc5 Bd7 14. O-O-O
Rc8 15. Qd4 Qc7 16. Rd3 Bc6 17. Rg3 O-O 18. Bd3 Rfd8 19. Bxh7+ Kxh7 20. Qh4+
Kg8 21. Qf6 g6 22. Rg4 Bf3 23. gxf3 Qxc3 24. Rxg6+ fxg6 25. Qxg6+ Kf8 26. Qf6+
Ke8 27. Qxe6+ Kf8 28. Qf6+ Ke8 29. Qe6+ 1/2-1/2

[Event "XXIII Festival A"]
[Site "Porto San Giorgio ITA"]
[Date "2011.08.23"]
[Round "4"]
[White "Marigo, Narciso"]
[Black "Mantovani, Enrico"]
[Result "1/2-1/2"]
[WhiteElo "1989"]
[BlackElo "1758"]
[PlyCount "130"]
[EventDate "2011.08.21"]

1. d4 Nf6 2. Nf3 e6 3. h3 c5 4. c3 d5 5. Bf4 Nbd7 6. e3 Be7 7. Bd3 O-O 8. Nbd2
a6 9. O-O b5 10. Ne5 Bb7 11. Ndf3 Rc8 12. a3 Ne4 13. Nxd7 Qxd7 14. Ne5 Qd8 15.
Rc1 f6 16. Nf3 g5 17. Bh2 Qe8 18. Nd2 f5 19. Nf3 Rf7 20. Ne5 Rg7 21. Be2 Nf6
22. a4 h5 23. axb5 axb5 24. f3 c4 25. g4 b4 26. Ra1 hxg4 27. fxg4 fxg4 28. Nxg4
Qg6 29. Be5 Rf8 30. Ra7 Bc8 31. cxb4 Rh7 32. Bxf6 Bxf6 33. Rxh7 Kxh7 34. Rxf6
Rxf6 35. Nxf6+ Qxf6 36. Qf1 Qe7 37. Bh5 Kg7 38. Qf3 Bd7 39. Qg3 Ba4 40. Qe5+
Qf6 41. Qxf6+ Kxf6 42. Bg4 Bb5 43. Kf2 Ba4 44. Kg3 Bb5 45. h4 gxh4+ 46. Kxh4
Be8 47. Kg3 Ba4 48. Kf4 Bb5 49. Bf3 Ba4 50. e4 dxe4 51. Bxe4 Ke7 52. Ke5 Kd7
53. Bf3 Kc7 54. Bg4 Kb6 55. Bxe6 Kb5 56. Bd7+ Kxb4 57. Bxa4 Kxa4 58. d5 Kb3 59.
d6 Kxb2 60. d7 c3 61. d8=Q c2 62. Qd2 Kb1 63. Qb4+ Ka1 64. Qc3+ Kb1 65. Qb3+
Ka1 1/2-1/2

[Event "XXIII Festival A"]
[Site "Porto San Giorgio ITA"]
[Date "2011.08.23"]
[Round "4"]
[White "Marsili, Riccardo"]
[Black "De Felice, Michele"]
[Result "1-0"]
[WhiteElo "1962"]
[BlackElo "1870"]
[PlyCount "44"]
[EventDate "2011.08.21"]

1. e4 d5 2. exd5 Qxd5 3. Nc3 Qa5 4. Bc4 Nf6 5. Nf3 c6 6. d4 Bf5 7. Bd2 e6 8.
Qe2 Bb4 9. O-O Nbd7 10. a3 Bxc3 11. Bxc3 Qc7 12. Ne5 Nxe5 13. dxe5 Nd5 14. Bxd5
exd5 15. Bb4 O-O-O 16. Bd6 Qd7 17. a4 Rhe8 18. Qe3 b6 19. a5 b5 20. a6 f6 21.
Ra5 fxe5 22. Rxb5 d4 1-0

[Event "XXIII Festival A"]
[Site "Porto San Giorgio ITA"]
[Date "2011.08.23"]
[Round "4"]
[White "Martinez, Rolly"]
[Black "Pascucci, Marco"]
[Result "1-0"]
[WhiteElo "2419"]
[BlackElo "2091"]
[PlyCount "69"]
[EventDate "2011.08.21"]

1. e4 e6 2. d4 d5 3. Nd2 Nf6 4. e5 Nfd7 5. Bd3 c5 6. c3 Nc6 7. Ne2 Be7 8. O-O
Qb6 9. Nf3 cxd4 10. cxd4 O-O 11. a3 f6 12. exf6 Nxf6 13. Nc3 Bd7 14. Be3 Rae8
15. Ne5 Bc8 16. f4 g6 17. Na4 Qd8 18. Qc2 Bd7 19. Bxg6 Nxe5 20. fxe5 Bxa4 21.
Qxa4 hxg6 22. exf6 Bxf6 23. Qxa7 Bg5 24. Bxg5 Qxg5 25. Kh1 Rxf1+ 26. Rxf1 Rc8
27. Qxb7 Rc1 28. Qf7+ Kh8 29. h3 e5 30. dxe5 Rxf1+ 31. Qxf1 Qxe5 32. b4 d4 33.
b5 Qd6 34. Qd3 Qc5 35. Qxg6 1-0

[Event "XXIII Festival A"]
[Site "Porto San Giorgio ITA"]
[Date "2011.08.23"]
[Round "4"]
[White "Mastroddi, Emiliano"]
[Black "Ottaviani, Gianluca"]
[Result "1/2-1/2"]
[WhiteElo "2083"]
[BlackElo "1949"]
[PlyCount "67"]
[EventDate "2011.08.21"]

1. d4 d5 2. Nf3 Nf6 3. e3 g6 4. c4 c6 5. Nc3 Bg7 6. Bd3 O-O 7. Qb3 dxc4 8. Bxc4
b5 9. Be2 a5 10. O-O Be6 11. Qc2 Na6 12. Ne5 Nb4 13. Qd1 Nd7 14. Nd3 Qb6 15.
Nf4 Bc4 16. Bxc4 bxc4 17. a3 Na6 18. Qa4 e5 19. Nfe2 exd4 20. exd4 Rfe8 21. Be3
Qb7 22. Qxc4 Nc7 23. b4 Nb6 24. Qd3 axb4 25. axb4 Nbd5 26. Rxa8 Rxa8 27. Nxd5
Nxd5 28. Rb1 Bf8 29. Bd2 Rb8 30. h3 Qb5 31. Qf3 Qa4 32. Qb3 Qxb3 33. Rxb3 Bxb4
34. Bxb4 1/2-1/2

[Event "XXIII Festival A"]
[Site "Porto San Giorgio ITA"]
[Date "2011.08.23"]
[Round "4"]
[White "Mazzarini, Daniele"]
[Black "Morello, Guido"]
[Result "1/2-1/2"]
[WhiteElo "1813"]
[BlackElo "1942"]
[PlyCount "61"]
[EventDate "2011.08.21"]

1. d4 d5 2. c4 Nc6 3. Nc3 Nf6 4. Nf3 dxc4 5. e4 Bg4 6. d5 Ne5 7. Qa4+ Bd7 8.
Qd1 Nxf3+ 9. Qxf3 e5 10. Bxc4 h6 11. O-O Bc5 12. Be3 Qe7 13. Qe2 Bxe3 14. Qxe3
O-O 15. Qe2 Rae8 16. Bb5 a6 17. Bxd7 Nxd7 18. Rfc1 Qd6 19. b4 f5 20. b5 fxe4
21. bxa6 bxa6 22. Nxe4 Qxd5 23. Rxc7 Rf4 24. Ng3 Qe6 25. Rd1 Nf6 26. Nh5 Nxh5
27. Qxh5 Ref8 28. Rdd7 Rg4 29. Qh3 Qxa2 30. Qe3 Qb1+ 31. Rc1 1/2-1/2

[Event "XXIII Festival A"]
[Site "Porto San Giorgio ITA"]
[Date "2011.08.23"]
[Round "4"]
[White "Molina, Fabrizio"]
[Black "De Carlo, Fabio"]
[Result "1-0"]
[WhiteElo "2256"]
[BlackElo "2044"]
[PlyCount "83"]
[EventDate "2011.08.21"]

1. Nf3 Nf6 2. c4 g6 3. g3 Bg7 4. Bg2 O-O 5. O-O c5 6. d4 cxd4 7. Nxd4 Nc6 8.
Nc2 d6 9. Nc3 Nd7 10. Nd5 Nb6 11. b3 Bf5 12. e4 Bxa1 13. Nxa1 Be6 14. Nc2 a5
15. a4 Nd7 16. Bh6 Re8 17. Qa1 f6 18. Nce3 Nc5 19. Qc3 Ne5 20. Nc2 Bxd5 21.
exd5 Qb6 22. Nd4 Rac8 23. Be3 Ng4 24. Bd2 Ra8 25. h3 Ne5 26. Be3 Ned3 27. Rd1
Ne5 28. f4 Nf7 29. Kh2 Qc7 30. Bf2 Qd7 31. Bf3 Kh8 32. Re1 Nh6 33. g4 Nf7 34.
g5 Kg8 35. Bg4 Qc7 36. Ne6 Nxe6 37. dxe6 Ne5 38. fxe5 dxe5 39. Bf3 Rad8 40. Qe3
Rd4 41. Bg3 Kg7 42. Bxe5 1-0

[Event "XXIII Festival A"]
[Site "Porto San Giorgio ITA"]
[Date "2011.08.23"]
[Round "4"]
[White "Naumkin, Igor"]
[Black "Sbraccia, Giovanni"]
[Result "1-0"]
[WhiteElo "2486"]
[BlackElo "2017"]
[PlyCount "79"]
[EventDate "2011.08.21"]

1. d4 Nf6 2. Nf3 c5 3. d5 b5 4. Bg5 d6 5. Bxf6 exf6 6. e4 Qa5+ 7. Nbd2 Be7 8.
a4 bxa4 9. c3 Bd7 10. Nc4 Qc7 11. Bd3 O-O 12. O-O a6 13. Ne3 Qb7 14. Qd2 g6 15.
Bc2 Re8 16. Bxa4 Bxa4 17. Rxa4 Nd7 18. Rfa1 Ne5 19. Nxe5 fxe5 20. Qe2 Reb8 21.
R1a2 Kg7 22. h3 Bg5 23. Nc4 Be7 24. Na5 Qb5 25. Kf1 Qxe2+ 26. Kxe2 Rb6 27. Nc4
Rb7 28. Rxa6 Rab8 29. Ra7 h5 30. Rxb7 Rxb7 31. Na5 Ra7 32. Ra3 Kf6 33. Nc6 Rb7
34. b4 cxb4 35. cxb4 Bf8 36. Ra7 Rb6 37. Kd3 Bh6 38. Kc4 Bd2 39. b5 Be1 40. Ra2
1-0

[Event "XXIII Festival A"]
[Site "Porto San Giorgio ITA"]
[Date "2011.08.23"]
[Round "4"]
[White "Palit, Somak"]
[Black "Romanishin, Oleg M."]
[Result "1/2-1/2"]
[WhiteElo "2372"]
[BlackElo "2526"]
[PlyCount "96"]
[EventDate "2011.08.21"]

1. e4 e5 2. Nf3 Nc6 3. Bb5 a6 4. Ba4 Nf6 5. Qe2 Be7 6. c3 b5 7. Bb3 d6 8. O-O
Na5 9. Bc2 c5 10. d4 Qc7 11. d5 O-O 12. b3 Bd7 13. Rd1 g6 14. Nbd2 Nh5 15. Nf1
Bf6 16. g3 c4 17. b4 Nb7 18. Ne3 a5 19. h4 Bg7 20. Nh2 Nf6 21. Neg4 Nxg4 22.
Nxg4 h5 23. Ne3 Qc8 24. Kh2 Qe8 25. a3 f5 26. exf5 gxf5 27. Ng2 axb4 28. cxb4
Nd8 29. Bb2 Qg6 30. a4 bxa4 31. Qxc4 Nf7 32. Qe2 Nh6 33. b5 Qe8 34. Rxa4 Bxb5
35. Rxa8 Bxe2 36. Rxe8 Rxe8 37. Rd2 Bf3 38. Ne1 Be4 39. Bxe4 fxe4 40. Rc2 Ng4+
41. Kg1 e3 42. f3 Nf6 43. Ba3 e4 44. Bxd6 Nxd5 45. fxe4 Rxe4 46. Kf1 Nc3 47.
Bf4 Re8 48. Kg2 e2 1/2-1/2

[Event "XXIII Festival A"]
[Site "Porto San Giorgio ITA"]
[Date "2011.08.23"]
[Round "4"]
[White "Paniga, Danilo"]
[Black "Sagripanti, Michele"]
[Result "0-1"]
[WhiteElo "1858"]
[BlackElo "1990"]
[PlyCount "54"]
[EventDate "2011.08.21"]

1. d4 Nf6 2. Nf3 g6 3. Nbd2 d5 4. e3 Bg7 5. Bd3 O-O 6. O-O c5 7. Ne5 cxd4 8.
exd4 Nc6 9. Ndf3 Qb6 10. c3 Bd7 11. Nxd7 Nxd7 12. Qb3 Qxb3 13. axb3 e5 14. dxe5
Ndxe5 15. Nxe5 Nxe5 16. Rd1 Rfd8 17. Be3 a6 18. Bf1 Nc6 19. Bb6 Rd7 20. b4 Re8
21. Rd3 Re6 22. Bc5 Ne5 23. Rd2 Bh6 24. Rd4 b6 25. Bxa6 bxc5 26. Bc8 cxd4 27.
Bxd7 dxc3 0-1

[Event "XXIII Festival A"]
[Site "Porto San Giorgio ITA"]
[Date "2011.08.23"]
[Round "4"]
[White "Panjkovic, Aleksandar"]
[Black "Stella, Andrea"]
[Result "0-1"]
[WhiteElo "2173"]
[BlackElo "2412"]
[PlyCount "80"]
[EventDate "2011.08.21"]

1. c4 Nf6 2. g3 c6 3. Bg2 d5 4. Nf3 dxc4 5. Qc2 Be6 6. Ng5 Bd5 7. e4 h6 8. Nh3
Be6 9. Nf4 Bc8 10. Qxc4 e5 11. Ne2 Be6 12. Qc2 Nbd7 13. O-O Nc5 14. d4 exd4 15.
Nf4 d3 16. Qd1 Be7 17. Nc3 O-O 18. Be3 Bc4 19. b3 Ba6 20. e5 Nfd7 21. Qh5 Bg5
22. h4 Bxf4 23. Bxf4 Qe8 24. b4 Ne6 25. a4 Nxf4 26. gxf4 Bc4 27. Ne4 Bd5 28.
Nd6 Qe6 29. Bxd5 cxd5 30. Nf5 g6 31. Nxh6+ Kg7 32. Qg5 Rh8 33. f5 Qxe5 34. Nxf7
Kxf7 35. Rae1 Qxf5 36. Re7+ Kf8 37. Rxd7 Qxd7 38. Qf6+ Kg8 39. Re1 d2 40. Re7
Qg4+ 0-1

[Event "XXIII Festival A"]
[Site "Porto San Giorgio ITA"]
[Date "2011.08.23"]
[Round "4"]
[White "Pescatore, Lorenzo"]
[Black "Dobboletta, Alex"]
[Result "1/2-1/2"]
[WhiteElo "2121"]
[BlackElo "1910"]
[PlyCount "124"]
[EventDate "2011.08.21"]

1. e4 c5 2. c3 Nc6 3. Nf3 d5 4. exd5 Qxd5 5. d4 Bg4 6. Nbd2 cxd4 7. Bc4 Bxf3 8.
Qxf3 Qxf3 9. Nxf3 dxc3 10. bxc3 e6 11. Rb1 O-O-O 12. O-O Be7 13. Bf4 Bd6 14.
Be3 Nge7 15. Ng5 Ne5 16. Bb3 Nd5 17. Bxa7 Be7 18. Ne4 Nc6 19. Bc5 Bxc5 20. Nxc5
Nxc3 21. Rb2 b6 22. Rc2 Nd4 23. Nxe6 Nde2+ 24. Kh1 fxe6 25. Bc4 Kd7 26. Bxe2
Nxe2 27. Rxe2 Ke7 28. g3 Rd6 29. Kg2 Rhd8 30. Rfe1 Kf7 31. Re5 Ra8 32. R1e2 Ra5
33. R5e4 Rad5 34. Rb2 Rd2 35. Reb4 Kf6 36. Rxb6 Rxb6 37. Rxd2 Ra6 38. Kf3 Kf5
39. g4+ Kg5 40. Kg3 Ra3+ 41. f3 h5 42. h4+ Kg6 43. gxh5+ Kxh5 44. Re2 g6 45.
Rxe6 Rxa2 46. Re8 Kh6 47. Kf4 Rh2 48. Kg3 Ra2 49. Re4 Kh5 50. Re5+ Kh6 51. f4
Ra1 52. Re6 Rg1+ 53. Kf3 Rf1+ 54. Ke4 Kh5 55. Rf6 Re1+ 56. Kd5 Kg4 57. Kd6 Re2
58. Rxg6+ Kxf4 59. h5 Rh2 60. h6 Kf5 61. Re6 Kg5 62. Re8 Rxh6+ 1/2-1/2